| 000 | 00475 a2200169 4500 | ||
|---|---|---|---|
| 020 | _a9781456770167 | ||
| 022 | _a9781456770167 | ||
| 082 | _a954.549122 | ||
| 090 |
_c6370 _d6370 |
||
| 100 | _aKhattak,A.Rauf Khan | ||
| 245 |
_aFundamentalism,Musharraf and the Great Double Game in North-West Pakistan. _cA.Rauf Khan Khattak. |
||
| 250 | _a1st. | ||
| 260 |
_aUSA. _bAuthor House. _c2011. |
||
| 300 | _a356p. | ||
| 500 | _aPaper cover. | ||
| 942 |
_aNBS _cBK _k954.549122 KHA |
||
| 999 |
_c348735 _d348735 |
||